00723nam a2200229 a 450000500170000000800410001704000250005804100080008304400070009110000260009824501430012426000250026730000110029265000210030365000130032465000300033765000140036765000270038165000090040866200520041770000240046920191224041551.0140224b1994 ck ||||| |||| 00| 0 spa d aCO-BoIAVHcCO-BoIAVH aspa ack aSantamaría, Marcela aHistoria natural del paujil Mitu salvini y densidades poblacionales de Cracidos en el Parque Nacional Natural Tinigua, Amazonia colombiana aBogotábs.n.c1994 a136 p. aHistoria natural aPaujiles aEcología de poblaciones aHábitat aHábitos alimentarios aAves aColombiacParque Nacional Natural TiniguabMeta aFranco, Ana María